REIN FORCED CONCRETE DESIGN (Record no. 14571)

MARC details
000 -LEADER
fixed length control field 00374nam a22001577a 4500
003 - CONTROL NUMBER IDENTIFIER
control field SGT
020 ## - INTERNATIONAL STANDARD BOOK NUMBER
International Standard Book Number 978-0-07-014110-0
082 ## - DEWEY DECIMAL CLASSIFICATION NUMBER
Classification number 624.18341
Item number PILL
100 ## - MAIN ENTRY--PERSONAL NAME
Personal name PILLAI,S.UNNIKRISHNA
245 ## - TITLE STATEMENT
Title REIN FORCED CONCRETE DESIGN
250 ## - EDITION STATEMENT
Edition statement 3RD
260 ## - PUBLICATION, DISTRIBUTION, ETC. (IMPRINT)
Place of publication, distribution, etc CHENNAI
Name of publisher, distributor, etc MC-GRAW HILL EDUCATION
Year of Publication 2017
300 ## - PAGE DESCRIPTION
No. of Pages 962
650 ## - SUBJECT ADDED ENTRY--TOPICAL TERM
Topical term or geographic name as entry element CIVIL ENGINEERING
942 ## - ADDED ENTRY ELEMENTS (KOHA)
Source of classification or shelving scheme Dewey Decimal Classification
Koha item type Books
942 ## - ADDED ENTRY ELEMENTS (KOHA)
-- 1
Holdings
Withdrawn status Lost status Source of classification or shelving scheme Damaged status Not for loan Collection code Home library Current library Shelving location Date acquired Vendor Name Cost, normal purchase price SGTU Bill Number Total Checkouts Full call number Accession No. (Barcode) Date last seen Date last borrowed Bill Date Koha item type
    Dewey Decimal Classification     ENGINEERING SGT Engineering Library SGT Engineering Library Text Book 17/01/2018 KIRTI PRAKASHAN (NEW DELHI ) 675.00 SGTU IN1297 1 624.18341 PILL FE6981 08/09/2025 05/09/2025   Books
    Dewey Decimal Classification     ENGINEERING SGT Engineering Library SGT Engineering Library Text Book 17/01/2018 KIRTI PRAKASHAN (NEW DELHI ) 675.00 SGTU IN1297 2 624.18341 PILL FE6982 29/09/2025 15/09/2025   Books
    Dewey Decimal Classification     ENGINEERING SGT Engineering Library SGT Engineering Library Text Book 17/01/2018 KIRTI PRAKASHAN (NEW DELHI ) 675.00 SGTU IN1297   624.18341 PILL FE6983 17/01/2018     Books
    Dewey Decimal Classification     ENGINEERING SGT Engineering Library SGT Engineering Library Text Book 17/01/2018 KIRTI PRAKASHAN (NEW DELHI ) 675.00 SGTU IN1297 2 624.18341 PILL FE6984 01/06/2019 11/05/2019   Books
    Dewey Decimal Classification     ENGINEERING SGT Engineering Library SGT Engineering Library Text Book 17/01/2018 KIRTI PRAKASHAN (NEW DELHI ) 675.00 SGTU IN1297 9 624.18341 PILL FE6985 08/12/2025 24/11/2025   Books
    Dewey Decimal Classification     ENGINEERING SGT Engineering Library SGT Engineering Library Text Book 17/01/2018 KIRTI PRAKASHAN (NEW DELHI ) 675.00 SGTU IN1297   624.18341 PILL FE6986 17/01/2018     Books
    Dewey Decimal Classification     ENGINEERING SGT Engineering Library SGT Engineering Library Text Book 17/01/2018 KIRTI PRAKASHAN (NEW DELHI ) 675.00 SGTU IN1297 2 624.18341 PILL FE6987 16/09/2025 16/09/2025   Books
    Dewey Decimal Classification     ENGINEERING SGT Engineering Library SGT Engineering Library Text Book 17/01/2018 KIRTI PRAKASHAN (NEW DELHI ) 675.00 SGTU IN1297   624.18341 PILL FE6988 17/01/2018     Books
    Dewey Decimal Classification     ENGINEERING SGT Engineering Library SGT Engineering Library Text Book 17/01/2018 KIRTI PRAKASHAN (NEW DELHI ) 675.00 SGTU IN1297 2 624.18341 PILL FE6989 06/10/2025 16/09/2025   Books
    Dewey Decimal Classification     ENGINEERING SGT Engineering Library SGT Engineering Library Text Book 17/01/2018 KIRTI PRAKASHAN (NEW DELHI ) 675.00 SGTU IN1297   624.18341 PILL FE6990 17/01/2018     Books